Guess the Soul Musician - Statistics

General Stats
  • This quiz has been taken 225 times
    125 since last reset
  • The average score is 14 of 28
Answer Stats
Year Song Artist % Correct
1982 Sexual Healing Marvin Gaye
95%
1968 Think Aretha Franklin
92%
1964 My Girl The Temptations
76%
1966 It's a Man's Man's Man's World James Brown
75%
1972 Let's Stay Together Al Green
74%
1964 A Change Is Gonna Come Sam Cooke
71%
2006 Rehab Amy Winehouse
68%
1965 Respect Otis Redding
66%
1972 Lean on Me Bill Withers
64%
1961 Stand by Me Ben E. King
61%
1970 I'll Be There The Jackson 5
49%
1962 Green Onions Booker T. & the M.G.'s
48%
1963 Fingertips Stevie Wonder
48%
1959 What'd I Say Ray Charles
46%
1967 Tears of a Clown Smokey Robinson
46%
1972 Love Train The O'Jays
46%
1964 Where Did Our Love Go The Supremes
44%
1966 When a Man Loves a Woman Percy Sledge
43%
1966 Hold On, I'm Comin' Sam & Dave
43%
1965 Reach Out I'll Be There The Four Tops
39%
1967 Dance to the Music Sly and the Family Stone
31%
1969 Aquarius/Let the Sunshine In The 5th Dimension
30%
1964 People Get Ready The Impressions
29%
1972 I'll Be Around The Spinners
28%
1974 Nothing from Nothing Billy Preston
20%
1959 There Goes My Baby The Drifters
15%
1972 Everybody Plays the Fool The Main Ingredient
11%
1969 Only the Strong Survive Jerry Butler
6%
No matching quizzes found
Score Distribution
Percent of People with Each Score
Percentile by Number Answered
Your Score History
You have not taken this quiz since the last reset